Polscy medaliści na igrzyskach w Montrealu - Statystyki

Ogólne statystyki
  • Ten quiz został rozwiązany 247 razy
  • Średni wynik to 13 z 26
Statystyki odpowiedzi
Dyscyplina Medalista Medal % Poprawnych
Lekkoatletyka Irena Szewińska Złoto
88%
Lekkoatletyka Tadeusz Ślusarski Złoto
88%
Lekkoatletyka Jacek Wszoła Złoto
69%
Boks Jerzy Rybicki Złoto
69%
Piłka Nożna Jan Beniger| Lesław Ćmikiewicz| Jerzy Gorgoń| Henryk Kasperczak| Kazimierz Kmiecik| Grzegorz Lato| Zygmunt Maszczyk| Piotr Mowlik| Roman Ogaza| Wojciech Rudy| Andrzej Szarmach| Antoni Szymanowski| Jan Tomaszewski| Henryk Wawrowski| Henryk Wieczorek| Władysław Żmuda| Kazimierz Deyna Srebro
63%
Siatkówka Bronisław Bebel| Ryszard Bosek| Wiesław Gawłowski| Marek Karbarz| Zbigniew Lubiejewski| Lech Lasko| Mirosław Rybaczewski| Włodzimierz Sadalski| Edward Skorek| Włodzimierz Stefański| Zbigniew Zarzycki| Tomasz Wójtowicz Złoto
56%
Zapasy Kazimierz Lipień Złoto
56%
Boks Janusz Gortat Brąz
50%
Lekkoatletyka Janusz Pyciak-Peciak Złoto
50%
Kolarstwo Tadeusz Mytnik| Mieczysław Nowicki| Stanisław Szozda| Ryszard Szurkowski Srebro
50%
Lekkoatletyka Grzegorz Jaremski| Jerzy Pietrzyk| Ryszard Podlas| Jan Werner Srebro
44%
Boks Kazimierz Szczerba Brąz
44%
Boks Leszek Kosedowski Brąz
44%
Judo Marian Tałaj Brąz
44%
Kolarstwo Mieczysław Nowicki Brąz
44%
Piłka Ręczna Zdzisław Antczak| Janusz Brzozowski| Piotr Cieśla| Jan Gmyrek| Alfred Kałuziński| Jerzy Klempel| Jerzy Melcer| Ryszard Przybysz| Henryk Rozmiarek, Andrzej Sokołowski| Andrzej Szymczak| Mieczysław Wojczak| Włodzimierz Zieliński| Zygfryd Kuchta Brąz
44%
Zapasy Andrzej Skrzydlewski Brąz
38%
Lekkoatletyka Bronisław Malinowski Srebro
38%
Zapasy Czesław Kwieciński Brąz
38%
Strzelectwo Jerzy Greszkiewicz Brąz
38%
Boks Leszek Błażyński Brąz
38%
Podnoszenie ciężarów Tadeusz Rutkowski Brąz
38%
Kajakarstwo Andrzej Gronowicz| Jerzy Opara Srebro
31%
Podnoszenie ciężarów Grzegorz Cziura Srebro
31%
Podnoszenie ciężarów Kazimierz Czarnecki Brąz
31%
Strzelectwo Wiesław Gawlikowski Brąz
31%
Nie znaleziono quizów pasujących do podanych kryteriów
Rozkład punktacji
Procent ludzi z każdym wynikiem
Percentyl według liczby udzielonych odpowiedzi
Twoja historia wyników
Nie rozwiązałeś tego quizu